000 01083nam a2200301 i 4500
001 106423
003 ES-MaACL
005 20251106134652.0
007 t|
008 061114s1961 sp |||| | spa d
080 _a821.161.1-31.09"18"
080 _a930.85(470)
100 1 _aPardo Bazán, Emilia,
_cCondesa de,
_d1851-1921
_9176434
245 1 3 _aLa revolución y la novela en Rusia
_b: (lectura en el Ateneo de Madrid) /
_cEmilia Pardo Bazán.
260 _aMadrid :
_bPublicaciones Españolas,
_c1961.
300 _a281 p. ;
_c17 cm.
490 1 _aEl libro para todos ;
_v12
504 _aBibliografía: p. 279-281.
530 _aDisponible en formato digital.
610 2 4 _aAteneo de Madrid-
_vConferencias-
_yS.XIX.
_91910
650 1 4 _aNovela rusa-
_yS.XIX-
_xHistoria y crítica.
_915627
651 4 _aRusia-
_xCivilización.
_99328
830 0 _aEl libro para todos ;
_v12
_9182850
852 _aES-MaACL
_jG-4241
_cDEPO2
856 4 _uhttp://bdh-rd.bne.es/viewer.vm?id=0000201253&page=1
_y(Biblioteca Digital Hispánica)
942 _2udc
999 _c106423
_d106423